000 00422nam a22001697a 4500
003 MPLRDC
005 20220104123443.0
008 210129b ||||| |||| 00| 0 eng d
082 _a976 ZGWD
100 _a中国舞蹈艺术研究会编
245 _a长绸舞
_c戴爱莲午
250 _a第一版
260 _a
_b上海文化出版社
_c1957
300 _b
650 _a舞蹈; 跳舞
942 _cBK
_o976 ZGWD
999 _c11543
_d11533